000 00632nam a22002297a 4500
003 UA-OsUOA
001 92491
007 ta
008 20121219b un ||||| |||| 00| 0 ukr d
100 _aФазу Алиева
090 _a821.131.2
_bФ16
942 _cBK
040 _aUA-OsUOA
_brus
_cUA-OsUOA
_dUA-OsUOA
245 _aДва персика
_bповесть, рассказы
300 _a416 с.
955 _a3
041 _arus
080 _a821.131.2
260 _aМ.
_bСоветский писатель
_c1990
650 7 _a82 Література. Літературознавство
_2UDC
999 _c378735
_d378735